[Event "FAI-chT 1617"]
[Site "Faroe Islands"]
[Date "2017.02.26"]
[Round "8.2"]
[White "Thomsen, Torbjorn"]
[Black "Poulsen, Martin"]
[Result "1/2-1/2"]
[WhiteElo "2086"]
[BlackElo "2222"]
[PlyCount "64"]
[EventDate "2016.10.23"]
[EventType "team-tourn"]
[EventRounds "10"]
[EventCountry "FAI"]
[SourceTitle "EXT 2020"]
[Source "ChessBase"]
[SourceDate "2019.10.17"]
[SourceVersion "1"]
[SourceVersionDate "2019.10.17"]
[SourceQuality "1"]
[WhiteTeam "Kollafjordur"]
[BlackTeam "Havnin"]
[WhiteTeamCountry "FAI"]
[BlackTeamCountry "FAI"]

1. e4 c5 2. Nf3 d6 3. d4 cxd4 4. Nxd4 Nf6 5. Nc3 g6 6. Be2 Bg7 7. 0-0 0-0 8. Be3 Nc6 9. Qd2 Ng4 10. Bxg4 Bxg4 11. f3 Be6 12. Nd5 Rc8 13. Rac1 Qd7 14. c4 f5 15. b3 Bf7 16. Nb5 b6 17. Nd4 Ne5 18. Bg5 Rfe8 19. f4 e6 20. fxe5 exd5 21. e6 Bxe6 22. exf5 Bxd4+ 23. Qxd4 Bxf5 24. Qxd5+ Qe6 25. Rcd1 Qxd5 26. Rxd5 Re7 27. Rf2 Rce8 28. Rf1 Re2 29. Rf2 Rxf2 30. Kxf2 Bb1 31. Rd2 Rf8+ 32. Ke3 Re8+ 1/2-1/2

[Event "FAI-chT 1617"]
[Site "Faroe Islands"]
[Date "2016.11.13"]
[Round "3.2"]
[White "Samuelsen, Carl Eli Nolsoe"]
[Black "Thomsen, Torbjorn"]
[Result "1-0"]
[WhiteElo "2211"]
[BlackElo "2086"]
[PlyCount "69"]
[EventDate "2016.10.23"]
[EventType "team-tourn"]
[EventRounds "10"]
[EventCountry "FAI"]
[SourceTitle "EXT 2020"]
[Source "ChessBase"]
[SourceDate "2019.10.17"]
[SourceVersion "1"]
[SourceVersionDate "2019.10.17"]
[SourceQuality "1"]
[WhiteTeam "Havnin"]
[BlackTeam "Kollafjordur"]
[WhiteTeamCountry "FAI"]
[BlackTeamCountry "FAI"]

1. e4 g6 2. d4 Bg7 3. c4 c5 4. d5 d6 5. Nc3 Nf6 6. Bf4 0-0 7. Be2 Nbd7 8. Nf3 Ng4 9. Qd2 Re8 10. h3 Nge5 11. Nxe5 Nxe5 12. Bh6 Bh8 13. f4 Nd7 14. h4 Nf6 15. f5 Nd7 16. h5 Ne5 17. 0-0-0 b5 18. hxg6 fxg6 19. fxg6 Nxg6 20. Bh5 e5 21. Nxb5 a6 22. Nc3 Ra7 23. Rdf1 Rb7 24. Qe3 Bf6 25. Bxg6 hxg6 26. Qg3 g5 27. Rh5 g4 28. Nd1 Rh7 29. Ne3 Rxh6 30. Rxh6 Bg5 31. Rh5 Bf4 32. Rxf4 exf4 33. Qxf4 Re5 34. Rxe5 dxe5 35. Qxe5 1-0

[Event "FAI-chT 1516"]
[Site "Faroe Islands"]
[Date "2015.10.31"]
[Round "3.1"]
[White "Solsker, Tummas Martin"]
[Black "Thomsen, Torbjorn"]
[Result "1-0"]
[WhiteElo "1986"]
[BlackElo "2099"]
[PlyCount "72"]
[EventDate "2015.10.25"]
[EventType "team-tourn"]
[EventRounds "10"]
[EventCountry "FAI"]
[SourceTitle "EXT 2017"]
[Source "ChessBase"]
[SourceDate "2016.10.25"]
[SourceVersion "1"]
[SourceVersionDate "2016.10.25"]
[SourceQuality "1"]
[WhiteTeam "Klaksvik II"]
[BlackTeam "Rokur"]
[WhiteTeamCountry "FAI"]
[BlackTeamCountry "FAI"]

1. e4 e6 2. d4 d5 3. e5 c5 4. c3 Nc6 5. Nf3 Qb6 6. Bd3 h6 7. 0-0 Bd7 8. Qe2 cxd4 9. cxd4 Nb4 10. Nc3 Nxd3 11. Qxd3 Bb4 12. Re1 Rc8 13. Bd2 Bxc3 14. Bxc3 Ne7 15. Qd2 0-0 16. Bb4 Rfe8 17. Re3 Nc6 18. Bd6 Na5 19. b3 Qb5 20. Ne1 Qa6 21. Rg3 Kh8 22. Qf4 Rf8 23. Be7 Kh7 24. Bf6 Rg8 25. Rh3 Rc3 26. Rxc3 gxf6 27. Rh3 Rg6 28. exf6 Qe2 29. Qc7 Rxf6 30. Nf3 Nc6 31. Re1 Qb2 32. Rf1 Nxd4 33. Nxd4 Qxd4 34. Qxd7 e5 35. Rg3 e4 36. Qe8 Rg6 1-0

[Event "FAI-chT 1516"]
[Site "Faroe Islands"]
[Date "2015.10.31"]
[Round "2.1"]
[White "Thomsen, Torbjorn"]
[Black "Nielsen, Hogni Egilstoft"]
[Result "0-1"]
[WhiteElo "2099"]
[BlackElo "2314"]
[PlyCount "48"]
[EventDate "2015.10.25"]
[EventType "team-tourn"]
[EventRounds "10"]
[EventCountry "FAI"]
[SourceTitle "EXT 2017"]
[Source "ChessBase"]
[SourceDate "2016.10.25"]
[SourceVersion "1"]
[SourceVersionDate "2016.10.25"]
[SourceQuality "1"]
[WhiteTeam "Rokur"]
[BlackTeam "Sandavagur"]
[WhiteTeamCountry "FAI"]
[BlackTeamCountry "FAI"]

1. d4 Nf6 2. c4 e6 3. Nf3 Bb4+ 4. Bd2 Qe7 5. e3 b6 6. Be2 Bb7 7. 0-0 Bxd2 8. Nbxd2 0-0 9. Qc2 c5 10. Rfd1 cxd4 11. Nxd4 d5 12. Bf3 Rc8 13. Qa4 Nbd7 14. Rac1 Ne4 15. N2b3 Ne5 16. cxd5 Nxf3+ 17. Nxf3 Bxd5 18. Nbd4 Nc5 19. Qa3 a5 20. b3 Qf6 21. Qb2 e5 22. Nb5 Bxf3 23. gxf3 Qxf3 24. Qxe5 Nd3 0-1

[Event "FAI-chT 1516"]
[Site "Faroe Islands"]
[Date "2015.10.25"]
[Round "1.1"]
[White "Thomsen, Torbjorn"]
[Black "Poulsen, Martin"]
[Result "1/2-1/2"]
[WhiteElo "2099"]
[BlackElo "2266"]
[PlyCount "166"]
[EventDate "2015.10.25"]
[EventType "team-tourn"]
[EventRounds "10"]
[EventCountry "FAI"]
[SourceTitle "EXT 2017"]
[Source "ChessBase"]
[SourceDate "2016.10.25"]
[SourceVersion "1"]
[SourceVersionDate "2016.10.25"]
[SourceQuality "1"]
[WhiteTeam "Rokur"]
[BlackTeam "Havnin"]
[WhiteTeamCountry "FAI"]
[BlackTeamCountry "FAI"]

1. d4 f5 2. Nf3 Nf6 3. c4 g6 4. g3 Bg7 5. Bg2 d6 6. 0-0 0-0 7. Nc3 c6 8. Qc2 Nh5 9. e3 e5 10. d5 c5 11. Ne2 Nd7 12. Ne1 Qe7 13. f3 Ndf6 14. Bd2 Bd7 15. Rb1 b5 16. b3 b4 17. Nd3 a5 18. Nf2 a4 19. h3 Bh6 20. e4 Bxd2 21. Qxd2 f4 22. g4 Ng7 23. Nd3 h5 24. g5 Nh7 25. h4 Ra6 26. Nf2 Rfa8 27. Nh3 Nf8 28. Kh2 Kh7 29. Nf2 Ne8 30. Bh3 Nc7 31. Bxd7 Nxd7 32. Nd3 Nb6 33. Rfd1 Ne8 34. Rb2 Nd7 35. Rdb1 Qd8 36. Nec1 Nb6 37. Rc2 Nc8 38. Qg2 Qd7 39. Qd2 Nc7 40. Rcb2 R8a7 41. Nf2 Nb6 42. Kg2 Qc8 43. Kh2 Qa8 44. Kg2 Qc8 45. Kh2 Ra5 46. Rc2 Qa6 47. Kg2 Qc8 48. Kh2 R7a6 49. Kg2 Qd7 50. Kh2 Nca8 51. Kg2 Qa7 52. Nfd3 axb3 53. axb3 Nd7 54. Kh2 Nab6 55. Qg2 Nb8 56. Qd2 Ra3 57. Kg2 R6a5 58. Kh2 Kg8 59. Qg2 Qd7 60. Qd2 Kg7 61. Qg2 Qa7 62. Qh3 Qd7 63. Qg2 Qc8 64. Qf2 Na6 65. Qg2 Nc7 66. Qh3 Qxh3+ 67. Kxh3 Nca8 68. Kg2 Kf8 69. Kf2 Ke7 70. Ke2 Nd7 71. Kd2 Nab6 72. Ke2 Nf8 73. Kd2 Nbd7 74. Nf2 Nh7 75. Kd1 Kd8 76. Kd2 Kc7 77. Kd1 Nb6 78. Kd2 Nf8 79. Nfd3 Nfd7 80. Kd1 Ra1 81. Rxa1 Rxa1 82. Ra2 Rxa2 83. Nxa2 Nb8 1/2-1/2

[Event "FAI-chT 1415"]
[Site "Faroe Islands"]
[Date "2014.11.23"]
[Round "5.2"]
[White "Olsen, Rogvi M"]
[Black "Thomsen, Torbjorn"]
[Result "1/2-1/2"]
[WhiteElo "1919"]
[BlackElo "2118"]
[PlyCount "80"]
[EventDate "2014.10.26"]
[EventType "team-tourn"]
[EventRounds "10"]
[EventCountry "FAI"]
[SourceTitle "CBM 163 Extra"]
[Source "ChessBase"]
[SourceDate "2014.12.23"]
[SourceVersion "1"]
[SourceVersionDate "2014.12.23"]
[SourceQuality "1"]
[WhiteTeam "Toftir"]
[BlackTeam "Rokur"]
[WhiteTeamCountry "FAI"]
[BlackTeamCountry "FAI"]

1. e4 c6 2. d4 d5 3. Nc3 dxe4 4. Nxe4 Nd7 5. Nf3 Ngf6 6. Nxf6+ Nxf6 7. Be2 Bf5 8. 0-0 e6 9. Bg5 h6 10. Bf4 Bd6 11. Bxd6 Qxd6 12. c3 0-0 13. h3 Rad8 14. Re1 Nd5 15. Bd3 Bxd3 16. Qxd3 c5 17. Qe4 Qb6 18. Rab1 Nf6 19. dxc5 Qa6 20. Qb4 Qxa2 21. c4 Qa6 22. Ne5 b5 23. cxb5 Qb7 24. c6 Qc7 25. Ra1 Nd5 26. Qa5 Nb6 27. Nd7 Rxd7 28. cxd7 Qxd7 29. Red1 Qb7 30. Rac1 Nd5 31. Qa6 Rb8 32. Qxb7 Rxb7 33. Rc5 Kf8 34. Ra1 Ke7 35. Ra5 Nc7 36. Kf1 Kd6 37. Rc6+ Kd7 38. Rc5 Kd6 39. Rc6+ Kd7 40. Rc5 Kd6 1/2-1/2

[Event "FAI-chT 1314"]
[Site "Torshavn"]
[Date "2014.01.25"]
[Round "6.1"]
[White "Nielsen, Rogvi Egilstoft"]
[Black "Thomsen, Torbjorn"]
[Result "1/2-1/2"]
[WhiteElo "2243"]
[BlackElo "2143"]
[PlyCount "68"]
[EventDate "2013.10.27"]
[EventType "team-tourn"]
[EventRounds "10"]
[EventCountry "FAI"]
[SourceTitle "EXT 2019"]
[Source "ChessBase"]
[SourceDate "2018.10.10"]
[SourceVersion "1"]
[SourceVersionDate "2018.10.10"]
[SourceQuality "1"]
[WhiteTeam "Sandavagur"]
[BlackTeam "Vestmanna"]
[WhiteTeamCountry "FAI"]
[BlackTeamCountry "FAI"]

1. e4 c6 2. d4 d5 3. exd5 cxd5 4. c4 Nf6 5. Nc3 e6 6. c5 b6 7. b4 a5 8. Na4 bxc5 9. bxc5 Be7 10. Bf4 0-0 11. Nb6 Bb7 12. Nxa8 Bxa8 13. Nf3 Nc6 14. Bb5 Ne4 15. Qd3 f6 16. 0-0 e5 17. dxe5 Nb4 18. Qb3 Bxc5 19. a3 Nc6 20. exf6 Nd4 21. Nxd4 Bxd4 22. Ra2 Qxf6 23. Be3 Be5 24. Bd3 Nc3 25. Rd2 Rb8 26. Qc2 d4 27. f4 dxe3 28. fxe5 Qc6 29. Re2 Nxe2+ 30. Qxe2 Qc5 31. e6 Bd5 32. Bxh7+ Kxh7 33. Qh5+ Kg8 34. Qf7+ Kh7 1/2-1/2

[Event "FAI-chT 1314"]
[Site "Torshavn"]
[Date "2013.11.16"]
[Round "3.1"]
[White "Thomsen, Torbjorn"]
[Black "Poulsen, Martin"]
[Result "0-1"]
[WhiteElo "2143"]
[BlackElo "2253"]
[PlyCount "60"]
[EventDate "2013.10.27"]
[EventType "team-tourn"]
[EventRounds "10"]
[EventCountry "FAI"]
[SourceTitle "EXT 2015"]
[Source "ChessBase"]
[SourceDate "2014.11.20"]
[SourceVersion "1"]
[SourceVersionDate "2014.11.20"]
[SourceQuality "1"]
[WhiteTeam "Vestmanna"]
[BlackTeam "Havnin"]
[WhiteTeamCountry "FAI"]
[BlackTeamCountry "FAI"]

1. d4 f5 2. c4 Nf6 3. Nc3 g6 4. g3 Bg7 5. Bg2 0-0 6. Nf3 c6 7. 0-0 d6 8. b3 Na6 9. Bb2 Nc7 10. Qd3 Nh5 11. Rad1 Bd7 12. Qc2 Rc8 13. Qd2 Rb8 14. a4 b5 15. axb5 cxb5 16. d5 bxc4 17. bxc4 Rb4 18. Nd4 Bxd4 19. Qxd4 Rxb2 20. Nb5 Rb4 21. Nxa7 Nf6 22. Qc3 Ra4 23. Nc6 Bxc6 24. dxc6 Na6 25. Bd5+ Kg7 26. Rc1 Nc5 27. Ra1 Rxa1 28. Rxa1 Qc7 29. Qe3 e6 30. Bf3 Nfe4 0-1

[Event "FAI-chT 1213"]
[Site "Faroe Islands"]
[Date "2013.03.03"]
[Round "9.2"]
[White "Thomsen, Torbjorn"]
[Black "Joensen, Ingi Wiberg"]
[Result "1-0"]
[WhiteElo "2141"]
[BlackElo "1541"]
[PlyCount "57"]
[EventDate "2012.10.28"]
[EventType "team-tourn"]
[EventRounds "10"]
[EventCountry "FAI"]
[SourceTitle "EXT 2014"]
[Source "ChessBase"]
[SourceDate "2013.11.20"]
[SourceVersion "1"]
[SourceVersionDate "2013.11.20"]
[SourceQuality "1"]
[WhiteTeam "Vestmanna"]
[BlackTeam "Sandavagur II"]
[WhiteTeamCountry "FAI"]
[BlackTeamCountry "FAI"]

1. d4 d5 2. Nf3 g6 3. e3 Bg7 4. c4 c6 5. Nc3 Bg4 6. h3 Bxf3 7. Qxf3 Nf6 8. g4 e6 9. h4 h5 10. gxh5 Nxh5 11. Be2 Bf6 12. Bd2 Nd7 13. 0-0-0 dxc4 14. Bxc4 Nb6 15. Be2 Bg7 16. Kb1 Qf6 17. Qg2 0-0-0 18. Ne4 Qf5 19. Rc1 Nf4 20. exf4 Rxd4 21. Bc3 Rxe4 22. Bd3 Bxc3 23. Rxc3 Nd5 24. Rb3 Nxf4 25. Qxe4 Qg4 26. Ba6 Rxh4 27. Qxc6+ Kd8 28. Qd6+ Ke8 29. Bb5# 1-0

[Event "FAI-chT 1213"]
[Site "Faroe Islands"]
[Date "2013.02.17"]
[Round "8.2"]
[White "Nolsoe, Rani"]
[Black "Thomsen, Torbjorn"]
[Result "1-0"]
[WhiteElo "2050"]
[BlackElo "2141"]
[PlyCount "87"]
[EventDate "2012.10.28"]
[EventType "team-tourn"]
[EventRounds "10"]
[EventCountry "FAI"]
[SourceTitle "EXT 2014"]
[Source "ChessBase"]
[SourceDate "2013.11.20"]
[SourceVersion "1"]
[SourceVersionDate "2013.11.20"]
[SourceQuality "1"]
[WhiteTeam "Klaksvik II"]
[BlackTeam "Vestmanna"]
[WhiteTeamCountry "FAI"]
[BlackTeamCountry "FAI"]

1. e4 c6 2. d4 d5 3. Nc3 dxe4 4. Nxe4 Nd7 5. Bc4 Ngf6 6. Ng5 e6 7. Qe2 Nb6 8. Bb3 Qxd4 9. N1f3 Qg4 10. Nxf7 Rg8 11. N7g5 Nbd5 12. h3 Qb4+ 13. Bd2 Qe7 14. 0-0-0 h6 15. Ne4 Bd7 16. Rhe1 0-0-0 17. c4 Nc7 18. Ne5 Be8 19. Bc3 Nxe4 20. Qxe4 Rxd1+ 21. Rxd1 g6 22. Qe3 Bg7 23. Qxa7 Qg5+ 24. Qe3 Qxe3+ 25. fxe3 Bxe5 26. Bxe5 Rf8 27. Bc2 Rg8 28. a3 Na8 29. Kd2 Nb6 30. Kc3 Nd7 31. Bd6 Rg7 32. b4 h5 33. a4 g5 34. a5 g4 35. h4 Rg8 36. b5 cxb5 37. cxb5 Nf6 38. Bd3 g3 39. Be2 Ne4+ 40. Kb4 Rg7 41. Be5 Rd7 42. Rc1+ Kd8 43. Bf3 Nd2 44. Bf6+ 1-0

[Event "FAI-chT 1213"]
[Site "Faroe Islands"]
[Date "2013.01.06"]
[Round "5.2"]
[White "Thomsen, Torbjorn"]
[Black "Rasmussen, Steintor"]
[Result "1/2-1/2"]
[WhiteElo "2141"]
[BlackElo "2100"]
[PlyCount "119"]
[EventDate "2012.10.28"]
[EventType "team-tourn"]
[EventRounds "10"]
[EventCountry "FAI"]
[SourceTitle "EXT 2014"]
[Source "ChessBase"]
[SourceDate "2013.11.20"]
[SourceVersion "1"]
[SourceVersionDate "2013.11.20"]
[SourceQuality "1"]
[WhiteTeam "Vestmanna"]
[BlackTeam "Klaksvik"]
[WhiteTeamCountry "FAI"]
[BlackTeamCountry "FAI"]

1. d4 Nf6 2. c4 g6 3. Nc3 Bg7 4. e4 d6 5. Nf3 0-0 6. Be2 e5 7. 0-0 Nc6 8. Be3 Bg4 9. d5 Bxf3 10. Bxf3 Ne7 11. c5 Ne8 12. Be2 f5 13. f3 f4 14. Bf2 Kh8 15. b4 Ng8 16. Nb5 a6 17. Na3 h5 18. Nc4 Bf6 19. Qb3 Bh4 20. cxd6 Bxf2+ 21. Rxf2 cxd6 22. a4 Rc8 23. a5 Rc7 24. Bf1 g5 25. Rc2 g4 26. Be2 gxf3 27. Bxf3 Qh4 28. b5 axb5 29. Qxb5 Ngf6 30. Qb4 Rg8 31. Qe1 Qh3 32. Kh1 Qd7 33. Rac1 Qh7 34. Nd2 Rxc2 35. Rxc2 Nxd5 36. Nc4 Ne7 37. Qd1 d5 38. exd5 e4 39. Qd4+ Qg7 40. Qxg7+ Kxg7 41. Bxe4 Nf6 42. Bf3 Nexd5 43. Nb6 Re8 44. Kg1 Nb4 45. Rc7+ Kh6 46. g3 fxg3 47. hxg3 Re1+ 48. Kg2 Ng4 49. Bxg4 hxg4 50. Rc4 Nd3 51. Rxg4 Ra1 52. Ra4 Rxa4 53. Nxa4 Kg5 54. Kh3 Nf2+ 55. Kg2 Nd3 56. Nc3 Nc5 57. Kf3 Nb3 58. g4 Nxa5 59. Ne4+ Kg6 60. Nd6 1/2-1/2

[Event "FAI-chT 1213"]
[Site "Faroe Islands"]
[Date "2012.11.25"]
[Round "4.2"]
[White "Christoffersen, Heri"]
[Black "Thomsen, Torbjorn"]
[Result "0-1"]
[WhiteElo "1788"]
[BlackElo "2141"]
[PlyCount "110"]
[EventDate "2012.10.28"]
[EventType "team-tourn"]
[EventRounds "10"]
[EventCountry "FAI"]
[SourceTitle "EXT 2014"]
[Source "ChessBase"]
[SourceDate "2013.11.20"]
[SourceVersion "1"]
[SourceVersionDate "2013.11.20"]
[SourceQuality "1"]
[WhiteTeam "Sandavagur II"]
[BlackTeam "Vestmanna"]
[WhiteTeamCountry "FAI"]
[BlackTeamCountry "FAI"]

1. e4 e6 2. d4 d5 3. Nd2 dxe4 4. Nxe4 Nd7 5. Nf3 Ngf6 6. Bg5 Be7 7. Ng3 0-0 8. Bd3 c5 9. c3 cxd4 10. Nxd4 h6 11. Bd2 Bc5 12. Nb3 Bb6 13. Rc1 Ne5 14. Bb1 Nd3+ 15. Bxd3 Qxd3 16. Qe2 Qxe2+ 17. Nxe2 Ne4 18. 0-0 e5 19. Ng3 Nxd2 20. Nxd2 Be6 21. a3 Rfd8 22. Nf3 f6 23. Rcd1 Bb3 24. Rxd8+ Rxd8 25. Re1 Bd1 26. Nf1 g5 27. N3d2 Bc2 28. Nc4 Bc7 29. Nce3 Bb3 30. Re2 Be6 31. Rd2 Rxd2 32. Nxd2 f5 33. h3 Kf7 34. Kf1 h5 35. Ke2 Kg6 36. f3 f4 37. Nef1 g4 38. hxg4 hxg4 39. Ne4 g3 40. Nfd2 Bb6 41. Nd6 Bc5 42. N6e4 Be3 43. c4 b6 44. b3 Bf5 45. a4 a5 46. Kf1 Bxd2 47. Nxd2 Bd3+ 48. Ke1 Kf5 49. Kd1 Ke6 50. Ke1 Kd6 51. Kd1 Kc5 52. Kc1 Kd4 53. Kb2 Bf5 54. Nb1 Bxb1 55. Kxb1 e4 0-1

[Event "FAI-chT"]
[Site "Faroe Islands"]
[Date "2012.03.11"]
[Round "9.1"]
[White "Rasmussen, Steintor"]
[Black "Thomsen, Torbjorn"]
[Result "1/2-1/2"]
[WhiteElo "2116"]
[BlackElo "2163"]
[PlyCount "87"]
[EventDate "2011.10.30"]
[EventType "team-tourn"]
[EventRounds "10"]
[EventCountry "FAI"]
[SourceTitle "EXT 2013"]
[Source "ChessBase"]
[SourceDate "2012.11.22"]
[SourceVersion "1"]
[SourceVersionDate "2012.11.22"]
[SourceQuality "1"]
[WhiteTeam "Klaksvik"]
[BlackTeam "Vestmanna"]
[WhiteTeamCountry "FAI"]
[BlackTeamCountry "FAI"]

1. d4 Nf6 2. c4 g6 3. Nc3 d5 4. cxd5 Nxd5 5. e4 Nxc3 6. bxc3 Bg7 7. Bc4 c5 8. Ne2 Nc6 9. Be3 0-0 10. 0-0 cxd4 11. cxd4 Bg4 12. f3 Bd7 13. Rb1 Na5 14. Bd3 b6 15. Qd2 f5 16. e5 Be6 17. Rbc1 Qd5 18. Nf4 Qd7 19. d5 Bxd5 20. Nxd5 Rad8 21. Nb4 Bxe5 22. Qe2 Qd6 23. Bc4+ Kg7 24. Nc2 Bxh2+ 25. Kh1 Be5 26. f4 Bb2 27. Rcd1 Qf6 28. Bd5 e5 29. fxe5 Qxe5 30. Nd4 Rxd5 31. Qxb2 Kg8 32. Qf2 f4 33. Bxf4 Qh5+ 34. Kg1 g5 35. Nc6 Rxf4 36. Qxf4 gxf4 37. Ne7+ Kg7 38. Rxd5 Qe2 39. Nf5+ Kg6 40. Rxf4 Nc4 41. Nh4+ Kh6 42. Nf5+ Kg6 43. Nh4+ Kh6 44. Nf5+ 1/2-1/2

[Event "FAI-chT"]
[Site "Faroe Islands"]
[Date "2012.01.22"]
[Round "6.2"]
[White "Thomsen, Torbjorn"]
[Black "Nielsen, Rogvi Egilstoft"]
[Result "1-0"]
[WhiteElo "2163"]
[BlackElo "2137"]
[PlyCount "79"]
[EventDate "2011.10.30"]
[EventType "team-tourn"]
[EventRounds "10"]
[EventCountry "FAI"]
[SourceTitle "EXT 2013"]
[Source "ChessBase"]
[SourceDate "2012.11.22"]
[SourceVersion "1"]
[SourceVersionDate "2012.11.22"]
[SourceQuality "1"]
[WhiteTeam "Vestmanna"]
[BlackTeam "Sandavagur"]
[WhiteTeamCountry "FAI"]
[BlackTeamCountry "FAI"]

1. d4 Nf6 2. c4 e6 3. Nc3 Bb4 4. a3 Bxc3+ 5. bxc3 c5 6. Qc2 Qa5 7. Bd2 b6 8. e4 d6 9. Bd3 Nc6 10. Nf3 Nd7 11. 0-0 Qa6 12. Be3 e5 13. d5 Na5 14. Nd2 f6 15. a4 g5 16. Nb3 Ke7 17. Nxa5 bxa5 18. Qe2 h5 19. h4 gxh4 20. f4 exf4 21. Bxf4 Ne5 22. Bxe5 dxe5 23. Qf2 Qd6 24. Qxh4 Bd7 25. Rf2 Rag8 26. Raf1 Rh6 27. Be2 Bxa4 28. Rf5 Be8 29. Rb1 Rhg6 30. Bf3 Rg5 31. Rb7+ Bd7 32. Rxg5 Rxg5 33. Bxh5 Qa6 34. Rb8 Rg7 35. Bf3 Rf7 36. Qh8 Qxc4 37. Qd8+ Kd6 38. Rb7 f5 39. Qc7+ Ke7 40. Qxd7+ 1-0

[Event "FAI-chT"]
[Site "Faroe Islands"]
[Date "2011.10.30"]
[Round "1.2"]
[White "Nielsen, Rogvi Egilstoft"]
[Black "Thomsen, Torbjorn"]
[Result "1-0"]
[WhiteElo "2137"]
[BlackElo "2163"]
[PlyCount "107"]
[EventDate "2011.10.30"]
[EventType "team-tourn"]
[EventRounds "10"]
[EventCountry "FAI"]
[SourceTitle "EXT 2013"]
[Source "ChessBase"]
[SourceDate "2012.11.22"]
[SourceVersion "1"]
[SourceVersionDate "2012.11.22"]
[SourceQuality "1"]
[WhiteTeam "Sandavagur"]
[BlackTeam "Vestmanna"]
[WhiteTeamCountry "FAI"]
[BlackTeamCountry "FAI"]

1. e4 e6 2. d4 d5 3. Nd2 dxe4 4. Nxe4 Nd7 5. Nf3 Ngf6 6. Ng3 b6 7. Bb5 Bd6 8. Ne5 0-0 9. Qf3 Rb8 10. Nc6 Bb7 11. Nxd8 Bxf3 12. Nxe6 fxe6 13. gxf3 e5 14. d5 Rf7 15. Bg5 h6 16. Be3 Rd8 17. Rd1 Nc5 18. b4 Nb7 19. a3 Bf8 20. Rg1 Kh8 21. Ba6 Nd6 22. Bd3 Nxd5 23. Be4 Nxe3 24. fxe3 Be7 25. Ke2 Nc4 26. Rxd8+ Bxd8 27. Bd3 Nd6 28. Rd1 Rf8 29. Ne4 Nxe4 30. Bxe4 Be7 31. Rd7 Bd6 32. Kd3 a5 33. Kc4 Kg8 34. c3 Rf6 35. bxa5 bxa5 36. a4 Rf8 37. Bd5+ Kh7 38. Be4+ Kg8 39. Bd5+ Kh7 40. Kb5 Rb8+ 41. Kxa5 Kg6 42. Ka6 Rb6+ 43. Ka7 Rb2 44. Rxd6+ cxd6 45. a5 Kf6 46. a6 Rxh2 47. Kb8 Rb2+ 48. Kc7 Rc2 49. a7 Rxc3+ 50. Kxd6 Ra3 51. a8Q Rxa8 52. Bxa8 g5 53. Bc6 h5 54. Bd7 1-0

[Event "FAI-ch"]
[Site "Vestmanna"]
[Date "2011.04.23"]
[Round "9"]
[White "Thomsen, Torbjorn"]
[Black "Nielsen, Rogvi Egilstoft"]
[Result "0-1"]
[WhiteElo "2188"]
[BlackElo "2093"]
[PlyCount "90"]
[EventDate "2011.04.16"]
[EventType "tourn"]
[EventRounds "9"]
[EventCountry "FAI"]
[SourceTitle "CBM 142 Extra"]
[Source "ChessBase"]
[SourceDate "2011.06.27"]
[SourceVersion "1"]
[SourceVersionDate "2011.06.27"]
[SourceQuality "1"]

1. e4 e5 2. Nf3 Nc6 3. c4 f5 4. d3 Nf6 5. Nc3 Bb4 6. Bg5 h6 7. Bxf6 Qxf6 8. a3 Bxc3+ 9. bxc3 d6 10. Nd2 0-0 11. Be2 Qg6 12. 0-0 f4 13. Kh1 b6 14. h3 Rd8 15. Kh2 Bd7 16. Bf3 Na5 17. Rb1 Nb7 18. Nb3 Ba4 19. Qe2 Rab8 20. Rfc1 Nc5 21. Nd2 Bd7 22. Nb3 Qf7 23. Nd2 Be6 24. Rb5 Qf6 25. Rbb1 a6 26. Rb4 Rb7 27. d4 exd4 28. e5 Qxe5 29. Qxe5 dxe5 30. Bxb7 dxc3 31. Ne4 Nxb7 32. Rxc3 Bf5 33. f3 Bxe4 34. fxe4 Nc5 35. Rc2 Rd3 36. Rb1 Kf7 37. a4 Nxa4 38. Ra1 Nc5 39. Raa2 Ke6 40. Rd2 Rd4 41. Rac2 Nxe4 42. Rxd4 exd4 43. Kg1 d3 44. Rc1 d2 45. Rd1 Ke5 0-1

[Event "Atlantic Airways Cup-A"]
[Site "Torshavn"]
[Date "2003.??.??"]
[Round "1"]
[White "Gullaksen, Eirik Tvedt"]
[Black "Thomsen, Torbjorn"]
[Result "1/2-1/2"]
[WhiteElo "2354"]
[BlackElo "2212"]
[PlyCount "125"]
[EventDate "2003.04.??"]
[EventType "swiss"]
[EventRounds "11"]
[EventCountry "FAI"]
[SourceTitle "CBM 093 Extra"]
[Source "ChessBase"]
[SourceDate "2003.05.09"]
[SourceVersion "1"]
[SourceVersionDate "2003.05.09"]
[SourceQuality "1"]

1. e4 c6 2. d4 d5 3. Nc3 dxe4 4. Nxe4 Bf5 5. Ng3 Bg6 6. Bc4 e6 7. Nf3 Nd7 8. 0-0 Ngf6 9. Qe2 Be7 10. Re1 Nd5 11. Bb3 0-0 12. c4 N5f6 13. Nh4 Bd6 14. Nxg6 hxg6 15. Ne4 Nxe4 16. Qxe4 Nf6 17. Qh4 Nh7 18. Qh3 Qa5 19. Be3 Qf5 20. Qh4 Nf6 21. h3 Qh5 22. Qxh5 Nxh5 23. Rad1 Nf6 24. g3 Rfd8 25. Kg2 Rd7 26. f4 Bc7 27. g4 Rad8 28. Kf3 Bb6 29. g5 Ne8 30. c5 Ba5 31. Rh1 Nc7 32. h4 Nd5 33. h5 gxh5 34. Rxh5 g6 35. Rh3 Kg7 36. Rdh1 Rg8 37. Bc4 Bc7 38. Rh7+ Kf8 39. Rd1 Rg7 40. Rh2 Kg8 41. Rdh1 Kf8 42. Rh4 Rg8 43. a3 a6 44. b4 Rd8 45. Rb1 Kg7 46. Rbh1 Rh8 47. Rxh8 Rxh8 48. Rxh8 Kxh8 49. Bd2 Kg7 50. a4 Kf8 51. Ke4 Ke7 52. b5 axb5 53. axb5 Kd7 54. b6 Bb8 55. Bxd5 exd5+ 56. Kf3 Ke7 57. Be1 Kd7 58. Bg3 Ke7 59. Kg4 Kd7 60. Bh4 Ke6 61. Bf2 Kd7 62. f5 Bh2 63. Be3 1/2-1/2

[Event "Torshavn op 3rd"]
[Site "Torshavn"]
[Date "2000.10.13"]
[Round "8"]
[White "Thomsen, Torbjorn"]
[Black "Gunnarsson, Jon Viktor"]
[Result "0-1"]
[WhiteElo "2202"]
[BlackElo "2368"]
[PlyCount "74"]
[EventDate "2000.10.06"]
[EventType "swiss"]
[EventRounds "9"]
[EventCountry "FAI"]
[SourceTitle "CBM 078 Extra"]
[Source "ChessBase"]
[SourceDate "2000.11.10"]
[SourceVersion "1"]
[SourceVersionDate "2000.11.10"]
[SourceQuality "1"]

1. e4 c5 2. c4 Nc6 3. Nc3 g6 4. d3 Bg7 5. Be3 b6 6. Qd2 e6 7. Nge2 Bb7 8. d4 cxd4 9. Nxd4 Nge7 10. Ndb5 0-0 11. Nd6 Rb8 12. Be2 Nc8 13. Nxb7 Rxb7 14. h4 f5 15. h5 Qf6 16. g3 Nd4 17. hxg6 hxg6 18. Bg5 Qe5 19. f4 Qa5 20. Rc1 fxe4 21. Nxe4 Qxa2 22. Bd1 Qa5 23. Nc3 Qc5 24. Bh6 Bxh6 25. Rxh6 Nf5 26. Rxg6+ Kf7 27. Rf6+ Ke7 28. Rxf8 Qg1+ 29. Ke2 Kxf8 30. Ne4 Nce7 31. Qc3 Nd4+ 32. Kd3 Nef5 33. Qd2 d5 34. cxd5 exd5 35. Bg4 dxe4+ 36. Kc4 Rc7+ 37. Kd5 Qxc1 0-1